Biblioteca : (Record no. 33194)
[ view plain ]
| 000 -LEADER | |
|---|---|
| campo de control de longitud fija | 00824nam a2200205 i 4500 |
| 001 - NÚMERO DE CONTROL | |
| campo de control | 33194 |
| 003 - IDENTIFICADOR DE NÚMERO DE CONTROL | |
| campo de control | ES-MaACL |
| 005 - FECHA Y HORA DE LA ÚLTIMA TRANSACCIÓN | |
| campo de control | 20241026195715.0 |
| 007 - CAMPO FIJO DE DESCRIPCIÓN FÍSICA--INFORMACIÓN GENERAL | |
| campo de control de longitud fija | t| |
| 008 - DATOS DE LONGITUD FIJA--INFORMACIÓN GENERAL | |
| campo de control de longitud fija | 030201s1913 cu b ||||1| spa d |
| 110 1# - ENTRADA PRINCIPAL--NOMBRE DE ENTIDAD CORPORATIVA | |
| Nombre de entidad corporativa o nombre de jurisdicción como elemento de entrada | Cuba. |
| Unidad subordinada | Cámara de Representantes. |
| -- | Biblioteca. |
| 9 (RLIN) | 161303 |
| 245 10 - MENCIÓN DEL TÍTULO | |
| Título | Biblioteca : |
| Resto del título | informe anual 1912 : extracto del tomo V de la memoria de la Cámara correspondiente al quinto período congresional y adicionado hasta 31 de marzo 1913 / |
| Mención de responsabilidad, etc. | Cámara de Representantes. |
| 260 ## - PUBLICACIÓN, DISTRIBUCIÓN, ETC. | |
| Lugar de publicación, distribución, etc. | Habana : |
| Nombre del editor, distribuidor, etc. | [s.n.], |
| Fecha de publicación, distribución, etc. | 1913 ( |
| Fabricante | Imp. de Rambla, Bauz y Cª) |
| 300 ## - DESCRIPCIÓN FÍSICA | |
| Extensión | 134 p., [9] h. de lám. ; |
| Dimensiones | 26 cm. |
| 610 14 - PUNTO DE ACCESO ADICIONAL DE MATERIA--NOMBRE DE ENTIDAD CORPORATIVA | |
| Nombre de entidad corporativa o nombre de jurisdicción como elemento de entrada | Cuba. |
| Unidad subordinada | Cámara de Representantes. |
| -- | Biblioteca- |
| Subdivisión de forma | Catálogos. |
| 9 (RLIN) | 161304 |
| 651 #4 - PUNTO DE ACCESO ADICIONAL DE MATERIA--NOMBRE GEOGRÁFICO | |
| Nombre geográfico | Cuba- |
| Subdivisión de forma | Bibliografías. |
| 9 (RLIN) | 161305 |
| 852 ## - LOCALIZACIÓN | |
| Ubicación | ES-MaACL |
| Número de control de estantería | T-1336-F-1 |
| 942 ## - ELEMENTOS DE ENTRADA SECUNDARIOS (KOHA) | |
| Fuente del sistema de clasificación o colocación | Clasificación decimal universal |
| Estatus retirado | Estado de pérdida | Fuente del sistema de clasificación o colocación | Estado de daño | No para préstamo | Colección | Biblioteca de origen | Biblioteca actual | Ubicación en estantería | Fecha de adquisición | Total de préstamos | Signatura topográfica completa | Código de barras | Visto por última vez | Precio de reemplazo | Tipo de ítem Koha |
|---|---|---|---|---|---|---|---|---|---|---|---|---|---|---|---|
| Clasificación decimal universal | Colección de folletos | Biblioteca del Ateneo de Madrid | Biblioteca del Ateneo de Madrid | Depósito folletos | 17/01/2008 | T-1336-F-1 | 1034508 | 23/02/2023 | 23/02/2023 | Folleto |
